000
00241nam a2200097Ia 4500
001
714320
005
20250826162903.0
008
250824s9999 xx 000 0 und d
245
0
_a
KIR ÇİÇEKLERİ
_c
YILMAZ İMANLIK
260
_b
HAYAT YAYINLARI
999
_c
714320
_d
714320